000 00513nam a2200205Ia 4500
005 20260429112105.0
008 260429s9999||||xx |||||||||||||| ||und||
020 _a9781032388342
041 _aEnglish
082 _a658.8
_bSMI
100 _aSmith, Andrew
245 0 _aConsumer behaviour and analytics /
_cAndrew Smith
250 _a2nd ed.
260 _aLondon :
_bRoutledge,
_c2024.
300 _axv, 213 p.; pbk
650 _a Analytics
650 _a Behaviour
650 _aConsumer
942 _cTB
999 _c52298
_d52298